Bảng tra thủy lực mạng lưới cấp - Thoát nước
Sách biên soạn nhằm phục vụ cho công tác tính toán thiết kế cấp nước và thoát nước đô thị, khu dân cư, khu công nghiệp và trong các xí nghiệp công nghiệp, phục vụ ngành kỹ thuật và công nghệ môi trường, sinh viên ngành xây dựng - cấp thoá...
Enregistré dans:
| Auteur principal: | |
|---|---|
| Format: | Livre |
| Langue: | Undetermined |
| Publié: |
Thành phố Hồ Chí Minh
Đại Học Quốc Gia Thành phố Hồ Chí Minh
2003
|
| Sujets: | |
| Tags: |
Ajouter un tag
Pas de tags, Soyez le premier à ajouter un tag!
|
| Thư viện lưu trữ: | Trung tâm Học liệu Trường Đại học Cần Thơ |
|---|
| LEADER | 01191nam a2200217Ia 4500 | ||
|---|---|---|---|
| 001 | CTU_120074 | ||
| 008 | 210402s9999 xx 000 0 und d | ||
| 020 | |c 60000 | ||
| 082 | |a 532.502 | ||
| 082 | |b Tr308 | ||
| 100 | |a Lâm, Minh Triết | ||
| 245 | 0 | |a Bảng tra thủy lực mạng lưới cấp - Thoát nước | |
| 245 | 0 | |c Lâm Minh Triết | |
| 260 | |a Thành phố Hồ Chí Minh | ||
| 260 | |b Đại Học Quốc Gia Thành phố Hồ Chí Minh | ||
| 260 | |c 2003 | ||
| 520 | |a Sách biên soạn nhằm phục vụ cho công tác tính toán thiết kế cấp nước và thoát nước đô thị, khu dân cư, khu công nghiệp và trong các xí nghiệp công nghiệp, phục vụ ngành kỹ thuật và công nghệ môi trường, sinh viên ngành xây dựng - cấp thoát nước làm các đồ án thiết kế về cấp thoát nước, công nghệ xử lý nước thải. | ||
| 650 | |a Water supply engineering,Water,Hydrodynamics | ||
| 650 | |x Distribution | ||
| 904 | |i Minh | ||
| 980 | |a Trung tâm Học liệu Trường Đại học Cần Thơ | ||